000 nam a22 7a 4500
999 _c60558
_d60558
005 20210421131319.0
008 210421b xxu||||| |||| 00| 0 eng d
040 _aANE
041 _aEs
100 _aMateo Rodríguez Castro
245 _aLa emancipaciòn del conocimiento
300 _a16 p.
856 _uhttp://documentacion.asambleanacional.gob.ec/alfresco/d/d/workspace/SpacesStore/c7e1d6c5-2b25-4c76-b937-10f9e1930aa0/Revsiata%20La%20emancipaci%c3%b2n%20del%20conocimiento.pdf
942 _2ddc
_cBV
_zNr.